000 00655nam a22002417a 4500
005 20260504170513.0
008 260504b |||||||| |||| 00| 0 eng d
020 _a9780768034844
_qhb
082 _a629.243
_bSHE
100 _aSheng, Gang
245 _aVehicle noise, vibration and sound quality
250 _ac.2012
260 _aWarrendale
_bSAE International
_c2012
300 _axi, 493p. ; 26cm.
653 _aAutomobiles--Vibration
653 _aAutomobiles--Noise
653 _aMotor vehicles--Vibration
653 _aMotor vehicles--Noise
653 _aNoise control
653 _aME432
653 _aME632
942 _2ddc
_cBK
999 _c53163
_d53163